The failure of the Mobile Homes Act 1983 (Record no. 2485)

MARC details
000 -LEADER
fixed length control field 00932cab a2200205 4500
001 - CONTROL NUMBER
control field ABS37401
008 - FIXED-LENGTH DATA ELEMENTS--GENERAL INFORMATION
fixed length control field 090401t1987 xxu||||| |||| 00| 0 eng d
035 ## - SYSTEM CONTROL NUMBER
System control number (Sirsi) u4154
041 ## - LANGUAGE CODE
Language code of text/sound track or separate title eng
100 ## - MAIN ENTRY--PERSONAL NAME
Personal name Kenny, P.H.
245 #4 - TITLE STATEMENT
Title The failure of the Mobile Homes Act 1983
260 ## - PUBLICATION, DISTRIBUTION, ETC.
Date of publication, distribution, etc. 1987
350 ## - PRICE (NR) (BK AM CF MU VM SE) [OBSOLETE]
Price 0
490 ## - SERIES STATEMENT
Series statement Law Society`s Gazette
Volume/sequential designation 84 (5) 4 February 1987, 331-333 (3)
520 ## - SUMMARY, ETC.
Summary, etc. Since the Mobile Homes Act 1983 came into force it has becomeapparent that there are very large gaps in the protection it offers mobile homeowners. This article summarises the main areas where difficulties arise such as rent control , site licence enforcement, site owners obligations, the sale and conveyancing of mobile homes and most importantly, thein effectiveness of the courts and considers possible reform of the law.
650 ## - SUBJECT ADDED ENTRY--TOPICAL TERM
Topical term or geographic name entry element SITE LICENCES
690 ## - LOCAL SUBJECT ADDED ENTRY--TOPICAL TERM (OCLC, RLIN)
Topical term or geographic name as entry element Block management
9 (RLIN) 6220
942 ## - ADDED ENTRY ELEMENTS (KOHA)
Suppress in OPAC 0
948 ## - LOCAL PROCESSING INFORMATION (OCLC); SERIES PART DESIGNATOR (RLIN)
c (OCLC) 04/03/1997
Holdings
Withdrawn status Lost status Source of classification or shelving scheme Damaged status Not for loan Home library Current library Shelving location Date acquired Total Checkouts Full call number Barcode Date last seen Copy number Price effective from Koha item type
    Dewey Decimal Classification     London London Journal article 14/09/1999   ABS37401 4154-1001 06/08/2019 1 06/08/2019 Journal article